000 00693cab a2200229 4500
001 WB3412-45
008 090401t1998 xxu||||| |||| 00| 0 eng d
035 _a(Sirsi) u85245
041 _aeng
245 _aCalls to stamp out duty rises
260 _c1998
350 _a0
490 _aEstates Gazette
_v(9812) 21 March 1998, 43(1)
520 _aThe property industry is to campaign against further rises in stamp duty amid fears that the latest rise will hit property trading and reduce liquidity.
650 _aBUDGET 1998
650 _aINVESTMENT MARKET
650 _aPROPERTY TRANSACTIONS
650 _aSTAMP DUTY
690 _aTAXATION
942 _n0
948 _c26/03/1998
999 _c53585
_d53585